000 00670nam a2200241 i 4500
001 C2-0309435
003 PPAK
005 20180728100510.0
008 110529s2008 my |||| ||||| | may d
020 _a9839048674
040 _aPPAK
_beng
_cPPAK
_erda
082 0 4 _a320.9595
_223
090 0 0 _a320.9595
_bLEE
_dKMI
100 1 _aLee, Ban Chen,
_eauthor
245 1 0 _aBagaimana keris diganti dengan merpati?
264 1 _aKuala Lumpur :
_bOriengroup ,
_c2008
300 _a251 pages ;
_c21 cm
336 _2rdacontent
_atext
337 _2rdamedia
_aunmediated
338 _2rdacarrier
_avolume
650 1 0 _aMalaysia - Politics and government
942 _ddc
_cB
999 _c111975
_d111975